| 000 | 00947nam a22002177a 4500 | ||
|---|---|---|---|
| 003 | BD-DhUL | ||
| 005 | 20170430154055.0 | ||
| 008 | 170430s2016 bg a|||| |||| 00| 0 beg d | ||
| 040 |
_aBD-DhUL _cBD-DhUL |
||
| 082 |
_a954.92 _bBAN |
||
| 245 | 1 | 0 |
_aবাঙালি ও বঙ্গবন্ধু / _cসম্পাদিত মোনায়েম সরকার, মফিদা আকবর, হামিদুল আলম সখা |
| 260 |
_aঢাকা : _bরাফাত, _c২০১৬। |
||
| 300 |
_a৫২৮, [৩২] পৃ. : _bসম্মুখ চিত্র, চিত্র ; _c২২ সেমি |
||
| 365 |
_aBDT _b1000.00 |
||
| 651 | 0 |
_aবাংলাদেশ _xইতিহাস |
|
| 651 | 0 |
_aBangladesh _xHistory |
|
| 700 | 1 | _aসরকার, মোনায়েম | |
| 700 | 1 | _aআকবর, মফিদা | |
| 700 | 1 |
_aসখা, হামিদুল আলম _ejt. ed. |
|
| 942 |
_2ddc _cBK |
||
| 999 |
_c194023 _d194023 |
||